Statystyki dla Flagi Terytoriów Zależnych i Nieuznawanych Państw

Kliknij tutaj aby rozwiązać quiz!

Ogólne statystyki

  • Ten quiz został rozwiązany 1 211 razy
  • Średni wynik to 17 z 33

Statystyki odpowiedzi

Odpowiedź% Poprawnych
Kosowo
99%
Wyspy Owcze
88%
Grenlandia
86%
Gibraltar
84%
Wyspa Man
80%
Palestyna
79%
Tajwan
79%
Portoryko
76%
Naddniestrze
71%
Jersey
67%
Cypr Północny
64%
Wyspy Kokosowe
62%
Bermudy
58%
Aruba
55%
Guernsey
54%
Abchazja
52%
Górski Karabach
47%
Anguilla
45%
Martynika
45%
Somaliland
45%
Wyspa Bożego Narodzenia
45%
Brytyjskie Wyspy Dziewicze
44%
Osetia Południowa
44%
Wyspy Dziewicze Stanów Zjednoczonych
42%
Kajmany
35%
Sint Maarten
30%
Montserrat
28%
Saba
26%
Brytyjskie Terytorium Oceanu Indyjskiego
23%
Turks i Caicos
23%
Francuskie Terytoria Południowe i Antarktyczne
13%
Sint Eustatius
12%
Saharyjska Arabska Republika Demokratyczna
4%

Rozkład punktacji

Percentyl według liczby udzielonych odpowiedzi

Procent ludzi z każdym wynikiem

Twoja historia wyników

Nie rozwiązałeś tego quizu